Urban Identity /

Salvato in:
Dettagli Bibliografici
Natura: Libro
Lingua:inglese
Pubblicazione: Barcelona : Monsa, 2010
Soggetti:
Tags: Aggiungi Tag
Nessun Tag, puoi essere il primo ad aggiungerne!!

MARC

LEADER 00000nam a22000003a 4500
001 stu220178
005 20141123071900.6
008 110119s2010------------------------eng-d
020 |a 978-84-96429-44-4 
040 |a STU  |b slo 
041 0 |a eng 
245 |a Urban Identity /  |c Ed by J.M.Minguet 
260 |a Barcelona :  |b Monsa,  |c 2010 
300 |a 95 s 
650 7 |a mestský interiér  |2 stusub 
650 7 |a mobiliár  |2 stusub 
996 |b 284AU04679  |c A*7217 U  |l AAKNAR  |s A  |a 24  |w stu220178_0001